Fundamentals of computational swarm intelligence (Record no. 1305)

MARC details
000 -LEADER
fixed length control field 00343nam a2200133Ia 4500
008 - FIXED-LENGTH DATA ELEMENTS--GENERAL INFORMATION
fixed length control field 130318s9999 xx 000 0 und d
020 ## - INTERNATIONAL STANDARD BOOK NUMBER
International Standard Book Number 470091916
082 ## - DEWEY DECIMAL CLASSIFICATION NUMBER
Classification number 003.3 ENG/F
100 ## - MAIN ENTRY--PERSONAL NAME
Personal name Engelbrecht, Andries P
245 ## - TITLE STATEMENT
Title Fundamentals of computational swarm intelligence
260 ## - PUBLICATION, DISTRIBUTION, ETC.
Name of publisher, distributor, etc. Wiley
Place of publication, distribution, etc. England
Date of publication, distribution, etc. 2006
300 ## - PHYSICAL DESCRIPTION
Extent 599
650 ## - SUBJECT ADDED ENTRY--TOPICAL TERM
Topical term or geographic name entry element SWARM
Holdings
Withdrawn status Lost status Damaged status Not for loan Collection code Home library Current library Shelving location Date acquired Cost, normal purchase price Total Checkouts Full call number Barcode Date last seen Date last checked out Price effective from Koha item type
        Systems Kerala University of Digital Sciences, Innovation and Technology Knowledge Centre Kerala University of Digital Sciences, Innovation and Technology Knowledge Centre Computer Science 18/04/2023 6297.00 1 003.3 ENG/F 1312 04/11/2013 04/11/2013 18/03/2013 Books